Find the Kumquat: Europe Capitals I Quiz Stats

 Plays Quiz not verified by Sporcle

Score 0/47 Timer 00:30
1 Play Today
% Correct
Rome(E)
65.1%
Paris(E)
54.6%
London(E)
52.9%
Berlin(S)
52.2%
Madrid(E)
46.1%
Zagreb(S)
46.1%
Athens(N)
44.9%
Oslo(S)
43.1%
Vienna(S)
43.1%
Moscow(S)
41.7%
Bern(E)
41.7%
Dublin(E)
41%
Belgrade(W)
41%
Ankara(W)
40.1%
Lisbon(E)
40%
Warsaw(S)
39.2%
Luxembourg(E)
38.9%
Sofia(W)
38.7%
Kiev(W)
37.9%
Stockholm(S)
37.9%
Prague(S)
37.5%
Budapest(S)
37.2%
Bucharest(W)
37.2%
Tirana(N)
37%
% Correct
Helsinki(S)
36.4%
Skopje(N)
36.3%
San Marino(E)
36%
Podgorica(N)
36%
Pristina(N)
35.9%
Ljubljana(S)
35.9%
Reykjavik(S)
35.7%
Monaco(E)
35.5%
Andorra La Vella(E)
35.5%
Brussels(E)
34.9%
Amsterdam(E)
34.9%
Vatican City(E)
34.8%
Vaduz(E)
34.6%
Bratislava(S)
34.4%
Copenhagen(S)
34.3%
Minsk(S)
34.1%
Riga(S)
33.8%
Valletta(N)
33.5%
Chisinau(W)
33.3%
Tallinn(S)
33.1%
Vilnius(S)
32.4%
Nicosia(N)
32.4%
Congratulations!!! You have found the Kumquat
31.2%

You're not logged in!

Compare scores with friends on all Sporcle quizzes.
OR
Log In

Show Comments

Extras

Top Quizzes Today


Score Distribution

Your Account Isn't Verified!

In order to create a playlist on Sporcle, you need to verify the email address you used during registration. Go to your Sporcle Settings to finish the process.

Report this User

Report this user for behavior that violates our Community Guidelines.

Details: